LEADER 01166nam0-22004331i-450- 001 990001041780403321 005 20121001202131.0 035 $a000104178 035 $aFED01000104178 035 $a(Aleph)000104178FED01 035 $a000104178 100 $a20121001d1962----km-y0itay50------ba 101 0 $aeng 102 $aUS 200 1 $aTheory of graphs$fby Oystein Ore 210 $aProvidence$cAmerican Mathematical Society$d1962 225 1 $aAmerican mathematical society colloquium publications$v38 610 0 $aGeometria algebrica 610 0 $aTopologia algebrica 610 0 $aSistemi dinamici 610 0 $aFrattali matematici 610 0 $aCombinatorica 610 0 $aTeoria dei grafi 676 $a513 676 $a511 700 1$aOre,$bOystein$f<1899-1968>$06736 801 0$aIT$bUNINA$gRICA$2UNIMARC 901 $aBK 912 $a990001041780403321 952 $a11-023F$b3527$fFI1 952 $aMXXII-A-62$b582$fMAS 952 $aC-36-(38$b7975$fMA1 952 $a02 52 C 10$b1998$fFINBN 959 $aFI1 959 $aMAS 959 $aMA1 959 $aFINBN 996 $aTheory of graphs$978921 997 $aUNINA LEADER 01096nam0 22002893i 450 001 SUN0122367 005 20190704105746.463 010 $d0.00 017 70$2N$a978-981-10-8034-0 100 $a20190704d2018 |0engc50 ba 101 $aeng 102 $aSG 105 $a|||| ||||| 200 1 $aAn *Applied Psychology Readings$eSelected Papers from Singapore Conference on Applied Psychology, 2017$fMan-Tak Leung, Lee-Ming Tan editors 205 $aSingapore : Springer, 2018 210 $axv$d344 p. ; 24 cm 215 $aPubblicazione in formato elettronico 620 $aSG$dSingapore$3SUNL000061 702 1$aLeung$b, Man-Tak$3SUNV093989 702 1$aTan$b, Lee-Ming$3SUNV093992 712 $aSpringer$3SUNV000178$4650 801 $aIT$bSOL$c20200921$gRICA 856 4 $uhttp://link.springer.com/openurl?genre=book&isbn=978-981-10-8034-0 912 $aSUN0122367 950 $aBIBLIOTECA CENTRO DI SERVIZIO SBA$d15CONS SBA EBOOK 3978 $e15EB 3978 20190704 996 $aApplied Psychology Readings$91554641 997 $aUNICAMPANIA